000 00522nam a2200181 i 4500
001 150505
003 ES-MaACL
005 20230906203537.0
007 t|
008 071031s1956 es ||||1| spa d
100 1 _aValdés, José.
_9112507
245 1 0 _aPoesía pura /
_cJosé Valdés.
250 _a2ª ed.
260 _aSan Salvador :
_bMinisterio de Cultura, Departamento Editorial,
_c[1956]
300 _a207 p. ;
_c21 cm.
710 1 _aEl Salvador.
_bMinisterio de Cultura.
_93462
852 _aES-MaACL
_jC-14038
999 _c150505
_d150505